000 00786nam a2200205 a 4500
001 000023649
005 20200930022354.0
008 101216s1972 mx r 000 0 spa d
040 _aDO-SdBNP
_bspa
_cBNPHU
082 _annnn
_bW829c
100 1 _aWittenberg, Rudolph M.
_948727
245 1 0 _aComo ayudar a la gente /
_cRudolf M. Wittenberg ; traducción René Cárdenas Barrios.
260 _aMéxico :
_bDiana,
_c1972.
300 _a78 p. ;
_c18 cm.
490 1 _aBiblioteca para el director de grupos
_v6
504 _aIncluye referencias bibliográficas y notas al pie de las páginas.
534 _pTítulo original en inglés:
_tHow to help people.
_cNew York, 1971
700 1 _aCárdenas Barrios, René,
_etr.
_912537
830 0 _aBiblioteca para el director de grupos
_n6
_948728
999 _c23145
_d23145